| Поле | Инд. | ПП | Название | Значение |
|---|---|---|---|---|
| Тип записи | m | |||
| Библиографический уровень | m | |||
| 001 | Контрольный номер | 8ece23e428bb41eb8e3e5092e657f289 | ||
| 005 | Дата корректировки | 20240920103912.9 | ||
| 008 | Кодируемые данные | 191216|||||||||ru |||||||||||||||||rus|| | ||
| 020 | a | ISBN | 978-5-86185-993-6 | |
| 041 | 0_ | a | Код языка текста | rus |
| 084 | a | Индекс другой классификации/Индекс ББК | 95+72+74.48 | |
| 245 | 10 | a | Заглавие | Наука и образование в Арктическом регионе |
| b | Продолж. заглавия | материалы междунар. научно-практической конференции (Мурманск, 22−24 мая 2019 г.) | ||
| c | Ответственность | Министерство науки и высшего образования Российской Федерации, Федеральное государственное бюджетное образовательное учреждение высшего образования, "Мурманский государственный технический университет" | ||
| h | Физич. носитель | Электронный ресурс | ||
| 256 | a | Характеристики компьютерного файла | Электрон. текстовые дан. (1 файл : 16,6 Мб) | |
| 260 | a | Место издания | Мурманск | |
| b | Издательство | Изд-во МГТУ | ||
| c | Дата издания | 2019 | ||
| 300 | a | Объем | 444 с. | |
| b | Иллюстрации/ тип воспроизводства | ил. | ||
| 500 | a | Примечание | Доступ из локальной сети Мурманского государственного технического университетата. - Заглавие с экрана | |
| 500 | a | Примечание | URL: https://elib.mauniver.ru/2019/SB_19_06.pdf | |
| 504 | a | Библиография | Библиография после каждой статьи | |
| 583 | x | Служебное примечание | Арктические исследования | |
| x | Служебное примечание | Полнотекстовые документы | ||
| x | Служебное примечание | Труды преподавателей МГТУ | ||
| 650 | 04 | a | Основная рубрика | Наука-Арктический регион-Научно-практические конференции |
| 650 | 04 | a | Основная рубрика | Образование-Арктический регион-Научно-практические конференции |
| 651 | _4 | a | Географическое наименование | Арктический регион |
| 653 | 0_ | a | Ключевые слова | Автоматизация технологических процессов; Арктический шельф; Безопасность мореплавания; Исследования арктические; Конференции международные; Конференции научно-практические; Математическое моделирование; Материалы конференций; Наука и образование; Нефтегазовое дело; Освоение Арктики; Радиолокация; Радионавигация; Радиосвязь; Строительство промышленное; Техническая эксплуатация флота; Техническое образование; Технология строительства; Техносферная безопасность; Транспорт; Труды преподавателей МГТУ; Экологическая безопасность; Энергетика; Электронные версии |
| 700 | 12 | a | Другие авторы | Власов А. В. |
| e | Роль лиц | Автор | ||
| 700 | 12 | a | Другие авторы | Жук А. А. |
| e | Роль лиц | Автор | ||
| 700 | 12 | a | Другие авторы | Кайченов А. В. |
| e | Роль лиц | Автор | ||
| 700 | 12 | a | Другие авторы | Маслов А. А. |
| e | Роль лиц | Автор | ||
| 700 | 12 | a | Другие авторы | Яценко В. В. |
| e | Роль лиц | Автор | ||
| 700 | 12 | a | Другие авторы | Селяков И. Ю. |
| e | Роль лиц | Автор | ||
| 700 | 12 | a | Другие авторы | Столянов А. В. |
| e | Роль лиц | Автор | ||
| 700 | 12 | a | Другие авторы | Ерещенко В. В. |
| e | Роль лиц | Автор | ||
| 700 | 12 | a | Другие авторы | Горский Е. Н. |
| e | Роль лиц | Автор | ||
| 700 | 12 | a | Другие авторы | Золотов О. В. |
| e | Роль лиц | Автор | ||
| 700 | 12 | a | Другие авторы | Романовская Ю. В. |
| e | Роль лиц | Автор | ||
| 700 | 12 | a | Другие авторы | Ромахова О. А. |
| e | Роль лиц | Автор | ||
| 700 | 12 | a | Другие авторы | Кузнецова О. Б. |
| e | Роль лиц | Автор | ||
| 700 | 12 | a | Другие авторы | Татарникова Е. А. |
| e | Роль лиц | Автор | ||
| 700 | 12 | a | Другие авторы | Малышкин Н. М. |
| e | Роль лиц | Автор | ||
| 700 | 12 | a | Другие авторы | Мусафиров Э. В. |
| e | Роль лиц | Автор | ||
| 700 | 12 | a | Другие авторы | Неделько Н. С. |
| e | Роль лиц | Автор | ||
| 700 | 12 | a | Другие авторы | Солодовник Ю. А. |
| e | Роль лиц | Автор | ||
| 700 | 12 | a | Другие авторы | Рожков А. С. |
| e | Роль лиц | Автор | ||
| 700 | 12 | a | Другие авторы | Cергеев А. С. |
| e | Роль лиц | Автор | ||
| 700 | 12 | a | Другие авторы | Ушаков М. В. |
| e | Роль лиц | Автор | ||
| 700 | 12 | a | Другие авторы | Авдеева Е. Н. |
| e | Роль лиц | Автор | ||
| 700 | 12 | a | Другие авторы | Кацуба В. С. |
| e | Роль лиц | Автор | ||
| 700 | 12 | a | Другие авторы | Хохлова Л. И. |
| e | Роль лиц | Автор | ||
| 700 | 12 | a | Другие авторы | Власова С. В. |
| e | Роль лиц | Автор | ||
| 700 | 12 | a | Другие авторы | Гассий В. В. |
| e | Роль лиц | Автор | ||
| 700 | 12 | a | Другие авторы | Глухих Я. А. |
| e | Роль лиц | Автор | ||
| 700 | 12 | a | Другие авторы | Григорьева О. П. |
| e | Роль лиц | Автор | ||
| 700 | 12 | a | Другие авторы | Лейко Н. Н. |
| e | Роль лиц | Автор | ||
| 700 | 12 | a | Другие авторы | Бучкова З. А. |
| e | Роль лиц | Автор | ||
| 700 | 12 | a | Другие авторы | Майорова О. В. |
| e | Роль лиц | Автор | ||
| 700 | 12 | a | Другие авторы | Пашеева Т. Ю. |
| e | Роль лиц | Автор | ||
| 700 | 12 | a | Другие авторы | Рунова А. А. |
| e | Роль лиц | Автор | ||
| 700 | 12 | a | Другие авторы | Челтыбашев А. А. |
| e | Роль лиц | Автор | ||
| 700 | 12 | a | Другие авторы | Панкратов А. А. |
| e | Роль лиц | Автор | ||
| 700 | 12 | a | Другие авторы | Прежин С. Д. |
| e | Роль лиц | Автор | ||
| 700 | 12 | a | Другие авторы | Каиров Т. В. |
| e | Роль лиц | Автор | ||
| 700 | 12 | a | Другие авторы | Червоняк Т. Ф. |
| e | Роль лиц | Автор | ||
| 700 | 12 | a | Другие авторы | Шамрина О. П. |
| e | Роль лиц | Автор | ||
| 700 | 12 | a | Другие авторы | Борисова Л. Ф. |
| e | Роль лиц | Автор | ||
| 700 | 12 | a | Другие авторы | Коробко А. Н. |
| e | Роль лиц | Автор | ||
| 700 | 12 | a | Другие авторы | Боев Н. В. |
| e | Роль лиц | Автор | ||
| 700 | 12 | a | Другие авторы | Рудич А. С. |
| e | Роль лиц | Автор | ||
| 700 | 12 | a | Другие авторы | Лапин М. Г. |
| e | Роль лиц | Автор | ||
| 700 | 12 | a | Другие авторы | Макаровский Е. А. |
| e | Роль лиц | Автор | ||
| 700 | 12 | a | Другие авторы | Мезенцев И. В. |
| e | Роль лиц | Автор | ||
| 700 | 12 | a | Другие авторы | Тагиев Т. Г. |
| e | Роль лиц | Автор | ||
| 700 | 12 | a | Другие авторы | Пеньковский Д. В. |
| e | Роль лиц | Автор | ||
| 700 | 12 | a | Другие авторы | Вергелес Ю. В. |
| e | Роль лиц | Автор | ||
| 700 | 12 | a | Другие авторы | Глазова В. А. |
| e | Роль лиц | Автор | ||
| 700 | 12 | a | Другие авторы | Гапоненков И. А. |
| e | Роль лиц | Автор | ||
| 700 | 12 | a | Другие авторы | Даувальтер В. А. |
| e | Роль лиц | Автор | ||
| 700 | 12 | a | Другие авторы | Кобец А. Ю. |
| e | Роль лиц | Автор | ||
| 700 | 12 | a | Другие авторы | Широнина А. Ю. |
| e | Роль лиц | Автор | ||
| 700 | 12 | a | Другие авторы | Павлов А. В. |
| e | Роль лиц | Автор | ||
| 700 | 12 | a | Другие авторы | Синицына К. И. |
| e | Роль лиц | Автор | ||
| 700 | 12 | a | Другие авторы | Судак С. Н. |
| e | Роль лиц | Автор | ||
| 700 | 12 | a | Другие авторы | Фомина Е. А. |
| e | Роль лиц | Автор | ||
| 700 | 12 | a | Другие авторы | Сергеев К. О. |
| e | Роль лиц | Автор | ||
| 700 | 12 | a | Другие авторы | Гурин А. В. |
| e | Роль лиц | Автор | ||
| 700 | 12 | a | Другие авторы | Никитенко А. С. |
| e | Роль лиц | Автор | ||
| 700 | 12 | a | Другие авторы | Романова Н. Ю. |
| e | Роль лиц | Автор | ||
| 700 | 12 | a | Другие авторы | Черняков С. М. |
| e | Роль лиц | Автор | ||
| 700 | 12 | a | Другие авторы | Ставропольский Ю. В. |
| e | Роль лиц | Автор | ||
| 700 | 12 | a | Другие авторы | Баринов А. С. |
| e | Роль лиц | Автор | ||
| 700 | 12 | a | Другие авторы | Билоус Д. В. |
| e | Роль лиц | Автор | ||
| 700 | 12 | a | Другие авторы | Дзюба А. М. |
| e | Роль лиц | Автор | ||
| 700 | 12 | a | Другие авторы | Забодаев Д. П. |
| e | Роль лиц | Автор | ||
| 700 | 12 | a | Другие авторы | Иванникова Н. Ю. |
| e | Роль лиц | Автор | ||
| 700 | 12 | a | Другие авторы | Багметов А. А. |
| e | Роль лиц | Автор | ||
| 700 | 12 | a | Другие авторы | Сазыкин В. Г. |
| e | Роль лиц | Автор | ||
| 700 | 12 | a | Другие авторы | Караченцева Я. М. |
| e | Роль лиц | Автор | ||
| 700 | 12 | a | Другие авторы | Котов А. А. |
| e | Роль лиц | Автор | ||
| 700 | 12 | a | Другие авторы | Овсянникова Ю. А. |
| e | Роль лиц | Автор | ||
| 700 | 12 | a | Другие авторы | Пак А. А. |
| e | Роль лиц | Автор | ||
| 700 | 12 | a | Другие авторы | Юзвенко А. Ю. |
| e | Роль лиц | Автор | ||
| 856 | 40 | u | URL | https://elib.mauniver.ru/2019/SB_19_06.pdf |
| 901 | t | Тип документа | m |